000 00680nam a2200241Ia 4500
003 OSt
005 20220924131733.0
006 a|||||r|||| 00| 0
007 ta
008 220923b |||||||| |||| 00| 0 hin d
024 _a139172
037 _cTextual
040 _aARTS
_cARTS
_bhin
041 _2hin
_ahin
082 _aY:1.2.C, 152M7
100 _aChandradev Singh
_9202773
245 0 _aPrachin bharatiya samaj aur chintan
_bvatdik kal se manu tak
260 _aVaranasi
_bVisnvavidyalaya Prakashan
_c1987
300 _a200p.
_ccm.
650 _aSOCIOLOGY
942 _hY:1.2.C, 152M7
_cTEXL
_2CC
999 _c428067
_d428067